LIBRARY & INFORMATION CENTRE, KCAET, TAVANUR

ONLINE PUBLIC ACCESS CATALOGUE (OPAC)

Handbook of plant cell culture, Vol.2: Crop species / (Record no. 159)

MARC details
000 -LEADER
fixed length control field 00609cam a2200229ua 4500
020 ## - INTERNATIONAL STANDARD BOOK NUMBER
ISBN 0-02-949230-0
041 ## - LANGUAGE CODE
Language code of text/sound track or separate title eng
082 ## - DEWEY DECIMAL CLASSIFICATION NUMBER
Classification number 028.72 574
Item number SHA/HA
100 ## - MAIN ENTRY--AUTHOR NAME
Personal name Sharp, William R.
245 00 - TITLE STATEMENT
Title Handbook of plant cell culture, Vol.2: Crop species /
250 ## - EDITION STATEMENT
Edition statement 1 /
260 ## - PUBLICATION, DISTRIBUTION, ETC. (IMPRINT)
Place of publication New York :
Name of publisher McMillan Publishing Co ,
Year of publication 1983.
300 ## - PHYSICAL DESCRIPTION
Number of Pages 644 ; .
650 ## - SUBJECT ADDED ENTRY--TOPICAL TERM
Topical Term Crop Species
650 ## - SUBJECT ADDED ENTRY--TOPICAL TERM
Topical Term Handbook
700 1# - ADDED ENTRY--PERSONAL NAME
Personal name Ammirato, Philip V.
700 1# - ADDED ENTRY--PERSONAL NAME
Personal name Evans, David A.
700 1# - ADDED ENTRY--PERSONAL NAME
Personal name Yamada, Yasuyuki.
942 ## - ADDED ENTRY ELEMENTS (KOHA)
Koha item type Books
Holdings
Withdrawn status Lost status Damaged status Home library Current library Date acquired Full call number Accession Number Koha item type
      KAUAET KAUAET 25/03/1987 028.72 574 16080 Reference
free website counter